[Event "Championnat de France Accession 2011"]
[Site "Caen"]
[Date "2011.08.17"]
[Round "2.30"]
[White "Iwanesko, Alexandre"]
[Black "Ricter, Jean-Paul"]
[Result "1-0"]
[WhiteElo "2217"]
[BlackElo "2093"]
[PlyCount "35"]
[EventDate "2011.??.??"]

1. e4 d5 2. exd5 Nf6 3. c4 c6 4. d4 cxd5 5. Nc3 Nc6 6. Bg5 Be6 7. Nf3 h6 8.
cxd5 Nxd5 9. Be3 g5 10. Bd3 Bg7 11. O-O Qd7 12. Ne4 b6 13. Rc1 a6 14. a3 f5 15.
Nc3 Bf6 16. Nxd5 Bxd5 17. Ne5 e6 18. Nxd7 1-0

[Event "Championnat de France Accession 2011"]
[Site "Caen"]
[Date "2011.08.18"]
[Round "3.1"]
[White "Song, Julien"]
[Black "Tirard, Hugo"]
[Result "1/2-1/2"]
[WhiteElo "2336"]
[BlackElo "2470"]
[PlyCount "138"]
[EventDate "2011.??.??"]

1. d4 Nf6 2. Nf3 g6 3. Nbd2 Bg7 4. e4 d6 5. Bd3 O-O 6. O-O Nbd7 7. Re1 e5 8. c3
b6 9. a4 a6 10. b4 exd4 11. cxd4 Bb7 12. Bb2 d5 13. e5 Nh5 14. g3 Re8 15. b5 a5
16. Rc1 Rc8 17. Bf1 Nf8 18. Bh3 Ne6 19. Bg4 Bh6 20. Bxh5 gxh5 21. Nh4 Ng7 22.
Rc2 c6 23. Nf1 cxb5 24. axb5 Rxc2 25. Qxc2 Qc8 26. Qd3 Qc4 27. Qxc4 dxc4 28. f4
Rc8 29. Rc1 Ne6 30. Ne3 Nc7 31. Rxc4 Nxb5 32. Rxc8+ Bxc8 33. Nd5 Be6 34. Nf6+
Kf8 35. d5 Bh3 36. d6 a4 37. Nxh7+ Ke8 38. Nf6+ Kd8 39. Nf3 a3 40. Ba1 a2 41.
Nd4 Na3 42. Nd5 Nc4 43. Nb4 f6 44. exf6 Nxd6 45. Nxa2 Ne4 46. Nb4 Bf8 47. Nbc6+
Ke8 48. Nf3 Bc5+ 49. Bd4 Bxd4+ 50. Ncxd4 Nxf6 51. Ng5 Bd7 52. Kg2 b5 53. Kf3
Ke7 54. Ne4 Bg4+ 55. Ke3 Nd5+ 56. Kd2 b4 57. Kd3 h4 58. Kc4 Ne3+ 59. Kxb4 Nf1
60. gxh4 Nxh2 61. Kc5 Nf1 62. Nf2 Bc8 63. Kd5 Kf6 64. Ne4+ Kg6 65. Ke5 Kh5 66.
f5 Ne3 67. Nd6 Kxh4 68. Nxc8 Nxf5 69. Kxf5 Kg3 1/2-1/2

[Event "Championnat de France Accession 2011"]
[Site "Caen"]
[Date "2011.08.18"]
[Round "3.2"]
[White "Colin, Vincent"]
[Black "Coursaget, Nicolas"]
[Result "1-0"]
[WhiteElo "2410"]
[BlackElo "2307"]
[PlyCount "143"]
[EventDate "2011.??.??"]

1. Nf3 Nf6 2. c4 g6 3. Nc3 Bg7 4. e4 d6 5. d4 O-O 6. Be2 e5 7. d5 a5 8. O-O Na6
9. Bg5 h6 10. Bxf6 Qxf6 11. Rb1 Nc5 12. b3 g5 13. Nd2 Qe7 14. Bg4 f5 15. Bxf5
Rxf5 16. exf5 Bxf5 17. Re1 Bxb1 18. Qxb1 Rf8 19. Nde4 Nxe4 20. Nxe4 Rf4 21. Qd1
Qf7 22. g3 Rf5 23. Kg2 b6 24. Re3 Qg6 25. Rf3 Qh5 26. Qd3 Rxf3 27. Qxf3 g4 28.
Qe2 Qf5 29. f3 Qxf3+ 30. Qxf3 gxf3+ 31. Kxf3 Kf7 32. h4 Kg6 33. g4 Bf6 34. h5+
Kf7 35. Ke3 Ke7 36. Kd2 Bh4 37. a3 Bg5+ 38. Kc2 Be3 39. b4 axb4 40. axb4 Kf7
41. Kb3 Bf4 42. Ka4 Bc1 43. Kb5 Ba3 44. Kc6 Bxb4 45. Kxc7 Bc5 46. Nxc5 bxc5 47.
Kxd6 e4 48. Kc6 e3 49. d6 e2 50. d7 e1=Q 51. d8=Q Qe6+ 52. Kxc5 Qxg4 53. Qd5+
Ke8 54. Kb6 Qg1+ 55. c5 Qb1+ 56. Kc7 Qe1 57. Qd7+ Kf8 58. Kc8 Qa1 59. Qf5+ Ke7
60. Qe4+ Kf8 61. c6 Qa6+ 62. Kd7 Qb5 63. Qe7+ Kg8 64. Qe6+ Kg7 65. Qg6+ Kf8 66.
Qxh6+ Kf7 67. Qg6+ Kf8 68. Qf6+ Kg8 69. h6 Qd3+ 70. Qd6 Qh7+ 71. Kd8 Qxh6 72.
Qxh6 1-0

[Event "Championnat de France Accession 2011"]
[Site "Caen"]
[Date "2011.08.18"]
[Round "3.3"]
[White "Velten, Paul"]
[Black "Mullon, Jean-Baptiste"]
[Result "0-1"]
[WhiteElo "2309"]
[BlackElo "2400"]
[PlyCount "56"]
[EventDate "2011.??.??"]

1. d4 d5 2. Nf3 Nf6 3. g3 Bf5 4. Bg2 e6 5. O-O c6 6. c4 Nbd7 7. Nc3 dxc4 8. Nh4
Bg4 9. h3 Bh5 10. g4 Nd5 11. Nf5 Nxc3 12. bxc3 exf5 13. gxh5 Bd6 14. Rb1 Nb6
15. e4 fxe4 16. Qg4 g6 17. hxg6 hxg6 18. Re1 Kf8 19. Qxe4 Kg7 20. Bd2 Qf6 21.
Re3 Rh4 22. Qc2 Rf4 23. Re2 Rf5 24. Qe4 Rh8 25. Be3 Nd5 26. Rxb7 Nxc3 27. Qc2
Nxe2+ 28. Qxe2 Rb5 0-1

[Event "Championnat de France Accession 2011"]
[Site "Caen"]
[Date "2011.08.18"]
[Round "3.4"]
[White "Bellahcene, Bilel"]
[Black "Benitah, Yohan"]
[Result "1-0"]
[WhiteElo "2231"]
[BlackElo "2392"]
[PlyCount "87"]
[EventDate "2011.??.??"]

1. e4 c5 2. Nf3 d6 3. d4 cxd4 4. Nxd4 Nf6 5. Nc3 a6 6. Rg1 e5 7. Nb3 h5 8. Bg5
Be6 9. Qd2 Nbd7 10. O-O-O Be7 11. Kb1 b5 12. Bxf6 Nxf6 13. f4 O-O 14. f5 Bd7
15. g4 hxg4 16. h3 b4 17. Nd5 Nxe4 18. Qxb4 Nf2 19. Rd2 Rb8 20. Qxb8 Qxb8 21.
Nxe7+ Kh7 22. hxg4 Nxg4 23. Rxg4 g6 24. Bd3 Kg7 25. Rgg2 Re8 26. Nxg6 Kf6 27.
Nh4 e4 28. Bxa6 d5 29. Rxd5 Bc6 30. Rc5 Ba4 31. Rc3 e3 32. Be2 Rh8 33. Nf3 Rh1+
34. Nc1 Bd7 35. Rg1 Rxg1 36. Nxg1 Bxf5 37. Rxe3 Qa7 38. Rf3 Ke5 39. Bd3 Bg4 40.
Rf1 f5 41. Nge2 Qe3 42. a4 Bf3 43. a5 Be4 44. Bxe4 1-0

[Event "Championnat de France Accession 2011"]
[Site "Caen"]
[Date "2011.08.18"]
[Round "3.5"]
[White "Collas, Didier"]
[Black "Brethes, Francois"]
[Result "1/2-1/2"]
[WhiteElo "2399"]
[BlackElo "2213"]
[PlyCount "76"]
[EventDate "2011.??.??"]

1. e4 d6 2. d4 Nf6 3. Nc3 g6 4. f4 Bg7 5. Nf3 O-O 6. Bd3 Nc6 7. e5 dxe5 8. fxe5
Nh5 9. Be3 Bg4 10. Be2 f6 11. exf6 exf6 12. O-O f5 13. Qd2 f4 14. Bf2 Qd7 15.
Rad1 Rae8 16. Rfe1 Kh8 17. d5 Bxf3 18. Bxf3 Ne5 19. Qe2 Nf6 20. Ne4 Nxe4 21.
Qxe4 g5 22. Bh5 Ng6 23. Qb4 Qf5 24. Qxb7 g4 25. Bxg6 hxg6 26. Qxc7 Rc8 27. Qxa7
Rxc2 28. Bd4 Rf7 29. Bxg7+ Kxg7 30. Qd4+ Kh7 31. Qe4 f3 32. gxf3 gxf3 33. Qxf5
Rxf5 34. Re3 Rg2+ 35. Kf1 Rxh2 36. Rdd3 Rxb2 37. Rxf3 Rxf3+ 38. Rxf3 Rxa2
1/2-1/2

[Event "Championnat de France Accession 2011"]
[Site "Caen"]
[Date "2011.08.18"]
[Round "3.8"]
[White "Dionisi, Thomas"]
[Black "Godard, Maxence"]
[Result "1-0"]
[WhiteElo "2191"]
[BlackElo "2352"]
[PlyCount "81"]
[EventDate "2011.??.??"]

1. e4 c6 2. d4 d5 3. Nc3 dxe4 4. Nxe4 Nd7 5. Nf3 Ngf6 6. Nxf6+ Nxf6 7. Bd3 Bg4
8. Be3 e6 9. h3 Bh5 10. g4 Bg6 11. Ne5 Qa5+ 12. c3 Bxd3 13. Qxd3 Rd8 14. Qc4
Bd6 15. O-O-O Nd5 16. Nd3 O-O 17. Kb1 Qc7 18. Qb3 b5 19. c4 bxc4 20. Qxc4 Rb8
21. Rc1 Rfc8 22. Ka1 Qa5 23. Rhd1 Nb6 24. Qc2 Nd5 25. Qc4 Nb6 26. Qc2 Qd5 27.
Nc5 Qf3 28. Qe4 Qe2 29. Qd3 Qf3 30. Qe4 Qe2 31. Nd3 Nc4 32. Re1 Nd2 33. Qxh7+
Kxh7 34. Rxe2 Nf3 35. Rec2 Be7 36. Rxc6 Rd8 37. Rc7 Bf6 38. Rxf7 Nxd4 39. g5
Kg6 40. Rxa7 Bxg5 41. Ne5+ 1-0

[Event "Championnat de France Accession 2011"]
[Site "Caen"]
[Date "2011.08.17"]
[Round "3.10"]
[White "Stephan, Victor"]
[Black "Lebrun, Xavier"]
[Result "1-0"]
[WhiteElo "2280"]
[BlackElo "2208"]
[PlyCount "107"]
[EventDate "2011.??.??"]

1. d4 Nf6 2. c4 g6 3. Nc3 Bg7 4. e4 O-O 5. Nf3 d6 6. Be2 e5 7. O-O Nc6 8. d5
Ne7 9. Ne1 Nd7 10. Nd3 f5 11. Bd2 Nf6 12. f3 f4 13. Rc1 g5 14. c5 Ng6 15. Nb5
Rf7 16. Ba5 b6 17. cxd6 bxa5 18. dxc7 Qf8 19. Qd2 g4 20. Nc5 gxf3 21. gxf3 a6
22. Qxa5 Ne8 23. d6 axb5 24. Qxa8 Nxd6 25. Rfd1 Rxc7 26. Qd5+ Nf7 27. Ne6 Bxe6
28. Qxe6 Re7 29. Qd5 Bf6 30. Qxb5 Kg7 31. Rd7 Ng5 32. Rxe7+ Bxe7 33. Qc6 Kh6
34. a4 Qb8 35. h4 Qa7+ 36. Kg2 Nh3 37. Rf1 Qe3 38. Qc4 Nxh4+ 39. Kxh3 Qb6 40.
Qf7 Qc7 41. Rg1 Qd7+ 42. Kh2 Ng6 43. a5 Qd2 44. Rg2 Bh4 45. Bf1 Qd1 46. Qc4
Bg3+ 47. Kh1 Nh4 48. a6 Nxg2 49. Kxg2 Qd2+ 50. Qe2 Qd4 51. b4 Kg5 52. Qa2 Qb6
53. b5 Kh4 54. a7 1-0

[Event "Championnat de France Accession 2011"]
[Site "Caen"]
[Date "2011.08.18"]
[Round "3.14"]
[White "Decosse, Jean-Fabien"]
[Black "Jablonski, Noham"]
[Result "1/2-1/2"]
[WhiteElo "2208"]
[BlackElo "2277"]
[PlyCount "47"]
[EventDate "2011.??.??"]

1. d4 d5 2. c4 e6 3. Nc3 Bb4 4. e3 Nf6 5. a3 Be7 6. Nf3 O-O 7. Qc2 b6 8. cxd5
exd5 9. Bd3 Ba6 10. O-O Bxd3 11. Qxd3 c6 12. b3 Bd6 13. Bb2 Qe7 14. Nd2 Re8 15.
a4 Nbd7 16. Rae1 Ne4 17. Ncxe4 dxe4 18. Qe2 Qh4 19. f4 exf3 20. Nxf3 Qe4 21.
Ng5 Qh4 22. Nf3 Qe4 23. Ng5 Qh4 24. Nf3 1/2-1/2

[Event "Championnat de France Accession 2011"]
[Site "Caen"]
[Date "2011.08.18"]
[Round "3.19"]
[White "Bleunven, Andre"]
[Black "Kirk, Ezra"]
[Result "1/2-1/2"]
[WhiteElo "2226"]
[BlackElo "2132"]
[PlyCount "41"]
[EventDate "2011.??.??"]

1. c4 Nf6 2. g3 g6 3. Bg2 Bg7 4. Nc3 O-O 5. e4 d6 6. Nge2 c5 7. O-O Nc6 8. d3
Rb8 9. h3 a6 10. a4 Ne8 11. Be3 Nc7 12. d4 cxd4 13. Nxd4 a5 14. Nde2 Na6 15. f4
f5 16. Rb1 Kh8 17. Nd4 Nxd4 18. Bxd4 e5 19. Be3 Be6 20. Nd5 fxe4 21. Kh2
1/2-1/2

[Event "Championnat de France Accession 2011"]
[Site "Caen"]
[Date "2011.08.18"]
[Round "3.20"]
[White "Fayard, Alain"]
[Black "Mania, Clement"]
[Result "1/2-1/2"]
[WhiteElo "2219"]
[BlackElo "2130"]
[PlyCount "126"]
[EventDate "2011.??.??"]

1. d4 d6 2. c4 f5 3. Nf3 Nf6 4. g3 g6 5. Bg2 Bg7 6. O-O O-O 7. Nc3 Nc6 8. d5
Ne5 9. Nd2 c5 10. h3 Rb8 11. a4 a6 12. f4 Nf7 13. e4 fxe4 14. Ndxe4 Nxe4 15.
Nxe4 b5 16. axb5 axb5 17. cxb5 Rxb5 18. Qe2 Rb3 19. Kh2 Re8 20. Ra8 Qb6 21. Nd2
Rb4 22. b3 Qb7 23. Ra3 Bf5 24. Nc4 Rxb3 25. Na5 Qb5 26. Qxb5 Rxb5 27. Nc6 Rb7
28. Re1 h5 29. Bf1 Kf8 30. Ba6 Rb6 31. Bc4 Nd8 32. Na7 Rb7 33. Bb5 Bd7 34. Bd3
Kf7 35. Ra6 Bd4 36. Nc6 Bf6 37. Bd2 Bf5 38. Bc4 Bc2 39. Ba5 Rb2 40. Re2 Nb7 41.
Rb6 Nxa5 42. Rxb2 Bxb2 43. Nxa5 Bc3 44. Rxc2 Bxa5 45. Kg2 Rb8 46. Kf3 Rb1 47.
Ba2 Rd1 48. Bc4 Kf6 49. Re2 Bc3 50. g4 hxg4+ 51. hxg4 Rf1+ 52. Rf2 Rxf2+ 53.
Kxf2 g5 54. Kf3 Bd2 55. fxg5+ Ke5 56. Ke2 Bxg5 57. Kd3 Kf4 58. Bb5 Kxg4 59. Kc4
Kf4 60. Bc6 Ke5 61. Bb7 Be3 62. Bc6 Bf2 63. Bb7 Bg1 1/2-1/2

[Event "Championnat de France Accession 2011"]
[Site "Caen"]
[Date "2011.08.18"]
[Round "3.22"]
[White "Saucey, Michel"]
[Black "Messinger, Karl"]
[Result "1-0"]
[WhiteElo "2319"]
[BlackElo "1988"]
[PlyCount "65"]
[EventDate "2011.??.??"]

1. d4 Nf6 2. c4 e6 3. Nf3 Bb4+ 4. Nbd2 b6 5. e3 Bb7 6. Bd3 O-O 7. O-O d5 8. a3
Be7 9. b3 Nbd7 10. Bb2 c5 11. Qe2 Ne4 12. Rfd1 Qc7 13. Rac1 Bf6 14. Nf1 Rac8
15. Ng3 Nxg3 16. hxg3 Rfd8 17. dxc5 bxc5 18. cxd5 Bxd5 19. Bc4 Bxf3 20. gxf3
Bxb2 21. Qxb2 Ne5 22. Be2 Rxd1+ 23. Rxd1 c4 24. bxc4 Nxc4 25. Qc2 h6 26. Bxc4
Qxc4 27. Rd8+ Rxd8 28. Qxc4 a5 29. e4 Ra8 30. Qc6 Ra7 31. Qb6 Ra8 32. Qb7 Rd8
33. Qe7 1-0

[Event "Championnat de France Accession 2011"]
[Site "Caen"]
[Date "2011.08.18"]
[Round "3.25"]
[White "Bouget, Alexandre"]
[Black "Camus, Berenger"]
[Result "1/2-1/2"]
[WhiteElo "2199"]
[BlackElo "2239"]
[PlyCount "39"]
[EventDate "2011.??.??"]

1. d4 d5 2. c4 dxc4 3. Nf3 Nf6 4. e3 a6 5. Bxc4 b5 6. Bd3 Bb7 7. O-O e6 8. a4
b4 9. Nbd2 c5 10. Qe2 Nbd7 11. Rd1 cxd4 12. Nxd4 Be7 13. N2b3 O-O 14. e4 Qb8
15. Na5 Nc5 16. Ndc6 Qc7 17. Nxe7+ Qxe7 18. Bg5 e5 19. Bc4 h6 20. Bxf6 1/2-1/2

[Event "Championnat de France Accession 2011"]
[Site "Caen"]
[Date "2011.08.18"]
[Round "3.28"]
[White "Wunderman, Xavier"]
[Black "Domenech, Vianney"]
[Result "1-0"]
[WhiteElo "2222"]
[BlackElo "2158"]
[PlyCount "45"]
[EventDate "2011.??.??"]

1. e4 d5 2. exd5 Qxd5 3. Nf3 Bg4 4. Be2 Nc6 5. d4 O-O-O 6. Nc3 Qd7 7. d5 Nb4 8.
Be3 Nf6 9. O-O Bxf3 10. Bxf3 Qf5 11. Qd4 e5 12. Qxa7 e4 13. Be2 Nbxd5 14. Nxd5
Nxd5 15. Qa8+ Kd7 16. Bb5+ c6 17. Qxb7+ Ke6 18. Qxc6+ Bd6 19. Rad1 Qe5 20. g3
Nxe3 21. fxe3 f5 22. Rd5 Qf6 23. Bc4 1-0

[Event "Championnat de France Accession 2011"]
[Site "Caen"]
[Date "2011.08.18"]
[Round "3.29"]
[White "Lamard, Guillaume"]
[Black "Roger, Mehdi"]
[Result "1/2-1/2"]
[WhiteElo "2158"]
[BlackElo "2201"]
[PlyCount "60"]
[EventDate "2011.??.??"]

1. d4 Nf6 2. c4 g6 3. Nc3 Bg7 4. g3 O-O 5. Bg2 d6 6. Nf3 Nc6 7. O-O a6 8. Qd3
e5 9. dxe5 dxe5 10. Qxd8 Rxd8 11. Bg5 Be6 12. Nd2 h6 13. Bxf6 Bxf6 14. Rfd1 Bg7
15. Nd5 Rac8 16. Ne4 Bf8 17. a3 Kg7 18. Nec3 Na5 19. Ne3 c6 20. Na4 Nb3 21.
Rab1 Nd4 22. Kf1 b5 23. cxb5 axb5 24. Nc3 Be7 25. Rd2 Nf5 26. Nxf5+ Bxf5 27.
Rbd1 Rxd2 28. Rxd2 b4 29. axb4 Bxb4 30. Rd1 Rc7 1/2-1/2

[Event "Championnat de France Accession 2011"]
[Site "Caen"]
[Date "2011.08.19"]
[Round "4.1"]
[White "Mullon, Jean-Baptiste"]
[Black "Colin, Vincent"]
[Result "1-0"]
[WhiteElo "2400"]
[BlackElo "2410"]
[PlyCount "127"]
[EventDate "2011.??.??"]

1. e4 c5 2. Nf3 g6 3. d4 cxd4 4. Qxd4 Nf6 5. e5 Nc6 6. Qa4 Nd5 7. Qe4 Ndb4 8.
Bb5 Bg7 9. a3 Na6 10. O-O Nc7 11. Bc4 Nxe5 12. Nxe5 d5 13. Rd1 Qd6 14. Bxd5 Bf5
15. Bxf7+ Kf8 16. Qf3 Qxe5 17. Bb3 Qe4 18. Qxe4 Bxe4 19. Nc3 Bxc3 20. bxc3 h6
21. Bf4 Rc8 22. Rd7 Ne8 23. Be5 Bc6 24. Rxe7 Kxe7 25. Bxh8 Bd7 26. f3 Nc7 27.
Bd4 b6 28. a4 Be6 29. a5 Bxb3 30. cxb3 Nb5 31. axb6 axb6 32. Re1+ Kf7 33. Bxb6
Rxc3 34. b4 Rc2 35. Bc5 Nc3 36. Kf1 Nd5 37. Re2 Rc1+ 38. Kf2 Rb1 39. Re1 Rb2+
40. Kg3 g5 41. Bd6 Nc3 42. Re7+ Kf6 43. Re3 Ne2+ 44. Kg4 Rd2 45. Be5+ Kg6 46.
h4 h5+ 47. Kh3 gxh4 48. Kxh4 Nc1 49. b5 Nd3 50. b6 Nxe5 51. Rxe5 Rb2 52. Rg5+
Kf7 53. Rxh5 Rxb6 54. g4 Rb8 55. Rf5+ Ke6 56. Kg5 Rg8+ 57. Kh6 Ra8 58. Kg7 Ra7+
59. Kg6 Ra8 60. Rf6+ Ke7 61. Rf7+ Ke8 62. f4 Ra6+ 63. Rf6 Ra7 64. g5 1-0

[Event "Championnat de France Accession 2011"]
[Site "Caen"]
[Date "2011.08.19"]
[Round "4.2"]
[White "Tirard, Hugo"]
[Black "Bellahcene, Bilel"]
[Result "1-0"]
[WhiteElo "2470"]
[BlackElo "2231"]
[PlyCount "80"]
[EventDate "2011.??.??"]

1. e4 c5 2. c3 e6 3. Nf3 Nc6 4. Bb5 Nge7 5. O-O a6 6. Ba4 b5 7. Bc2 Bb7 8. Qe2
d5 9. e5 Qb6 10. Rd1 d4 11. Be4 Ng6 12. d3 Be7 13. cxd4 cxd4 14. Nbd2 O-O 15.
a4 Qc7 16. Bxg6 fxg6 17. axb5 axb5 18. Rxa8 Bxa8 19. Ne4 h6 20. Re1 g5 21. h3
Qd7 22. Nd6 Bxd6 23. exd6 Rf6 24. Ne5 Nxe5 25. Qxe5 Bd5 26. Bd2 Rf5 27. Qg3 Kh7
28. Bb4 Qc6 29. f3 Rf4 30. Qf2 h5 31. Qd2 Qa8 32. Kh2 h4 33. Qc2 Rf7 34. Qf2
Rf4 35. Qc2 Rf7 36. Re5 Qd8 37. Qc1 Kg6 38. Qe1 Qf6 39. Bd2 Rd7 40. Bxg5 Qf8
1-0

[Event "Championnat de France Accession 2011"]
[Site "Caen"]
[Date "2011.08.19"]
[Round "4.3"]
[White "Bujisho, Benjamin"]
[Black "Stephan, Victor"]
[Result "1-0"]
[WhiteElo "2369"]
[BlackElo "2280"]
[PlyCount "79"]
[EventDate "2011.??.??"]

1. d4 Nf6 2. c3 c5 3. Nf3 cxd4 4. cxd4 d5 5. Nc3 Nc6 6. Bf4 a6 7. Rc1 Bf5 8. e3
e6 9. Qb3 Bb4 10. Ne5 O-O 11. Nxc6 Bxc3+ 12. bxc3 bxc6 13. Be2 Qa5 14. O-O Rfc8
15. c4 Ne4 16. Rfd1 Nd2 17. Qc3 Nxc4 18. Bxc4 Qxc3 19. Rxc3 dxc4 20. Rxc4 Ra7
21. f3 f6 22. e4 Bg6 23. Rdc1 Rd7 24. Rxc6 Rxc6 25. Rxc6 Rxd4 26. Rxa6 f5 27.
Ra8+ Kf7 28. Ra7+ Ke8 29. exf5 exf5 30. Be3 Rd1+ 31. Kf2 Bf7 32. a4 Ra1 33. a5
Ra2+ 34. Kg3 h6 35. h4 Re2 36. Bf4 Ra2 37. Bd6 Bc4 38. Re7+ Kd8 39. Rxg7 Bf1
40. Kh2 1-0

[Event "Championnat de France Accession 2011"]
[Site "Caen"]
[Date "2011.08.19"]
[Round "4.4"]
[White "Alanic, Xavier"]
[Black "Song, Julien"]
[Result "0-1"]
[WhiteElo "2264"]
[BlackElo "2336"]
[PlyCount "104"]
[EventDate "2011.??.??"]

1. c4 d6 2. g3 e5 3. Bg2 f5 4. d4 Be7 5. dxe5 dxe5 6. Qxd8+ Bxd8 7. Bd2 Nf6 8.
Bc3 Nbd7 9. Nd2 O-O 10. Ngf3 e4 11. Nd4 Nb6 12. b3 a6 13. O-O Bd7 14. Nc2 Be7
15. Rfd1 Rae8 16. Bd4 c5 17. Bc3 Bc6 18. f4 exf3 19. Bxf3 Ne4 20. Nxe4 fxe4 21.
Bg2 Bg5 22. Rf1 Nd7 23. Rxf8+ Nxf8 24. Rd1 Ng6 25. h3 h5 26. h4 Bh6 27. Bh3 Nf8
28. Ba5 Ne6 29. e3 g5 30. Bf5 gxh4 31. gxh4 Kf7 32. Bb6 Rg8+ 33. Kf2 Bf8 34.
Rg1 Rxg1 35. Kxg1 Ng7 36. Bh3 Be7 37. Kg2 Kg6 38. Kg3 Bd6+ 39. Kg2 Nf5 40. Bd8
b5 41. cxb5 axb5 42. b4 Bd5 43. bxc5 Bxc5 44. Bxf5+ Kxf5 45. Nd4+ Kg4 46. Nxb5
Bxe3 47. Nc3 Bc6 48. Nd1 Bc5 49. Nc3 e3+ 50. Kf1 Kf3 51. Ke1 Bb5 52. Ba5 e2 0-1

[Event "Championnat de France Accession 2011"]
[Site "Caen"]
[Date "2011.08.19"]
[Round "4.5"]
[White "Saada, Julien"]
[Black "Fantinel, Thibault"]
[Result "1/2-1/2"]
[WhiteElo "2310"]
[BlackElo "2266"]
[PlyCount "23"]
[EventDate "2011.??.??"]

1. d4 e6 2. Nf3 c5 3. c3 d5 4. e3 Nc6 5. Bd3 Nf6 6. Nbd2 Bd6 7. O-O O-O 8. Qe2
Qc7 9. dxc5 Bxc5 10. e4 h6 11. b4 Bd6 12. h3 1/2-1/2

[Event "Championnat de France Accession 2011"]
[Site "Caen"]
[Date "2011.08.19"]
[Round "4.6"]
[White "Benitah, Yohan"]
[Black "Dionisi, Thomas"]
[Result "1/2-1/2"]
[WhiteElo "2392"]
[BlackElo "2191"]
[PlyCount "77"]
[EventDate "2011.??.??"]

1. d4 g6 2. c4 Bg7 3. e4 d6 4. Nc3 e5 5. Nf3 Bg4 6. dxe5 dxe5 7. Qxd8+ Kxd8 8.
Ng5 Nh6 9. Be3 f6 10. h3 Bd7 11. Nf3 Nf7 12. g4 c6 13. O-O-O Kc7 14. Be2 Be6
15. Rdg1 g5 16. Nd2 Nd7 17. Nf1 Bf8 18. h4 h6 19. Ng3 Bc5 20. Rh2 Bd4 21. Kc2
Kd8 22. Rgh1 Ke7 23. b3 Rag8 24. Nd1 Nf8 25. Nf5+ Bxf5 26. gxf5 Nd7 27. Bc1 Nc5
28. Ba3 Kd7 29. f3 a5 30. Nf2 b6 31. Ng4 Ke7 32. h5 Rd8 33. Rd1 Rd7 34. Rhh1
Rhd8 35. Rd2 Rh8 36. Rhd1 Nd6 37. Bb2 Bxb2 38. Kxb2 Rhd8 39. Kc2 1/2-1/2

[Event "Championnat de France Accession 2011"]
[Site "Caen"]
[Date "2011.08.19"]
[Round "4.7"]
[White "Castro, John"]
[Black "Collas, Didier"]
[Result "0-1"]
[WhiteElo "2189"]
[BlackElo "2399"]
[PlyCount "190"]
[EventDate "2011.??.??"]

1. e4 e5 2. Nc3 Nf6 3. Bc4 Nc6 4. d3 Na5 5. Nge2 Nxc4 6. dxc4 Bc5 7. O-O d6 8.
Qd3 O-O 9. Bg5 h6 10. Bh4 g5 11. Bg3 Nh5 12. Rad1 Be6 13. Na4 f6 14. Nxc5 dxc5
15. Qc3 Qe7 16. f3 Rfd8 17. Bf2 b6 18. g4 Nf4 19. Nxf4 gxf4 20. b3 Kf7 21. Kg2
Rd6 22. Rxd6 cxd6 23. h3 Qd7 24. Rd1 h5 25. Qd3 Ke7 26. Rh1 Rh8 27. Qe2 Kd8 28.
Bh4 Qg7 29. Kf1 Kc7 30. Rh2 Rh6 31. Be1 Qh7 32. Kg1 Bd7 33. a4 Rg6 34. Kf1 Rg8
35. Bc3 Qh6 36. Be1 Qg6 37. Rg2 Qh7 38. Rh2 Be6 39. Bc3 Kc6 40. Be1 a6 41. Bh4
Rg6 42. Be1 Bd7 43. Bc3 Kc7 44. Be1 Rg8 45. Qd2 Bc6 46. Bh4 Qg6 47. Rg2 Qh6 48.
Rh2 Bd7 49. Be1 Qg5 50. Rg2 Rh8 51. Rh2 Rh6 52. Qe2 Qg8 53. Bd2 Qe8 54. Kg1 Qh8
55. Be1 Rg6 56. Rg2 Rg8 57. Qd3 Qh7 58. Rd2 Qe7 59. Rg2 Rh8 60. Rh2 Rh6 61. Qe2
Qe8 62. Qd3 Qg8 63. Kh1 Rg6 64. Rg2 Bc6 65. Qe2 Qh7 66. Kg1 Rg8 67. Bd2 Kd7 68.
Be1 Ke6 69. Bd2 Rh8 70. Rh2 Qb7 71. Qd3 b5 72. axb5 axb5 73. cxb5 Bxb5 74. c4
Bc6 75. Ba5 hxg4 76. hxg4 Ra8 77. Ra2 Qh7 78. Rh2 Qb7 79. Ra2 Qb8 80. Kh1 Ra7
81. Kg1 Qa8 82. Qc3 Bxe4 83. fxe4 Qxe4 84. Rg2 f3 85. Rg3 Qe2 86. Rxf3 Rxa5 87.
Rxf6+ Kxf6 88. Qxa5 Qxg4+ 89. Kf2 Qd4+ 90. Kf1 Kf5 91. Qc7 Ke4 92. Qh7+ Ke3 93.
Qh3+ Kd2 94. Qg2+ Kc3 95. Qa2 Qd1+ 0-1

[Event "Championnat de France Accession 2011"]
[Site "Caen"]
[Date "2011.08.19"]
[Round "4.8"]
[White "Brethes, Francois"]
[Black "Bissieres, Matthieu"]
[Result "1/2-1/2"]
[WhiteElo "2213"]
[BlackElo "2352"]
[PlyCount "96"]
[EventDate "2011.??.??"]

1. c4 e5 2. Nc3 Nf6 3. g3 d6 4. Bg2 g6 5. d3 Bg7 6. e3 O-O 7. Nge2 c6 8. e4 Be6
9. O-O Na6 10. h3 Qd7 11. g4 d5 12. exd5 cxd5 13. g5 Nh5 14. Nxd5 Bxh3 15. Ng3
Bxg2 16. Kxg2 Nxg3 17. fxg3 Nc7 18. Nf6+ Bxf6 19. gxf6 Rfd8 20. Be3 Qxd3 21.
Qf3 Ne6 22. b3 e4 23. Qf2 b6 24. Rae1 Qc3 25. g4 Qe5 26. Rh1 h5 27. gxh5 g5 28.
Qg3 Qxf6 29. Rhf1 Qg7 30. Qg4 Rd3 31. Qxe4 Rad8 32. Kh2 Qh6 33. Qg4 R3d4 34.
Bxd4 Rxd4 35. Re4 Rxe4 36. Qxe4 Qxh5+ 37. Kg3 Qh8 38. Rh1 Qc3+ 39. Kg4 Qd2 40.
Qa8+ Nd8 41. Qe4 Ne6 42. Rh6 Qf2 43. Qa8+ Nf8 44. Rh8+ Kxh8 45. Qxf8+ Kh7 46.
Kxg5 Qe3+ 47. Kf5 Qe6+ 48. Kf4 a5 1/2-1/2

[Event "Championnat de France Accession 2011"]
[Site "Caen"]
[Date "2011.08.19"]
[Round "4.9"]
[White "Loiseau, Quentin"]
[Black "Velten, Paul"]
[Result "1-0"]
[WhiteElo "2142"]
[BlackElo "2309"]
[PlyCount "131"]
[EventDate "2011.??.??"]

1. c4 Nf6 2. Nf3 e6 3. d4 Bb4+ 4. Bd2 Bxd2+ 5. Qxd2 b6 6. g3 Bb7 7. Bg2 O-O 8.
Nc3 d6 9. O-O Nbd7 10. Rae1 Ne4 11. Qc2 Nxc3 12. Qxc3 Nf6 13. Qd3 Be4 14. Qe3
Qd7 15. Bh3 Bxf3 16. Qxf3 Qa4 17. Qc3 c5 18. dxc5 bxc5 19. Ra1 Rfd8 20. Bg2
Rac8 21. b3 Qa6 22. Rfd1 d5 23. cxd5 exd5 24. Rd2 Qe6 25. Rad1 h5 26. Qe3 a5
27. Qg5 d4 28. e3 a4 29. bxa4 d3 30. Rxd3 Rxd3 31. Rxd3 Qxa2 32. Qf5 Rb8 33.
Bf1 Ra8 34. Rc3 Rxa4 35. Rxc5 Ra8 36. h3 Re8 37. Rc8 Qa4 38. Bd3 Rxc8 39. Qxc8+
Qe8 40. Qf5 Qd7 41. Qxd7 Nxd7 42. f4 Nc5 43. Bc2 g6 44. Kf2 Kg7 45. e4 f6 46.
Ke3 Ne6 47. Bd3 h4 48. Bc4 Nc5 49. gxh4 Nd7 50. Kd4 Nb6 51. Be6 Kf8 52. Bg4 Ke7
53. Bd1 Nc8 54. Bb3 Nd6 55. h5 gxh5 56. h4 f5 57. e5 Ne8 58. Bg8 Ng7 59. Kd5
Ne8 60. Kc6 Ng7 61. Kc7 Ne8+ 62. Kc8 Ng7 63. Bd5 Ne8 64. Bc6 Ng7 65. Bd7 Kf7
66. Kd8 1-0

[Event "Championnat de France Accession 2011"]
[Site "Caen"]
[Date "2011.08.19"]
[Round "4.10"]
[White "Coursaget, Nicolas"]
[Black "Loiret, Stanislas"]
[Result "1-0"]
[WhiteElo "2307"]
[BlackElo "2267"]
[PlyCount "69"]
[EventDate "2011.??.??"]

1. d4 Nf6 2. Nf3 e6 3. c4 c5 4. d5 exd5 5. cxd5 d6 6. Nc3 g6 7. e4 a6 8. h3 Bg7
9. Bd3 O-O 10. a4 Nh5 11. O-O Nd7 12. Bg5 Bf6 13. Bh6 Re8 14. g4 Ng7 15. Qd2
Ne5 16. Nxe5 Bxe5 17. Kg2 Qd7 18. f4 Bf6 19. Rf3 Rb8 20. Raf1 Bxc3 21. Qxc3 f5
22. gxf5 Nh5 23. fxg6 hxg6 24. e5 Qh7 25. Bg5 Bf5 26. Bxf5 gxf5 27. e6 Qg6 28.
Kh1 Kh7 29. Re1 Rg8 30. h4 b5 31. a5 Ng7 32. h5 Nxh5 33. Rh3 Rh8 34. Rg1 Qe8
35. Qf6 1-0